Geography Quiz

Random Geography or State Quiz
Score 0/32 Timer 05:00
2 Plays Today
Bordering States State % Correct
Washington, UtahIdaho
88.2%
California, New MexicoArizona
82.2%
Ohio, WisconsinMichigan
81.2%
Louisiana, New MexicoTexas
79.2%
Wyoming, OklahomaColorado
76.6%
Florida, MississippiAlabama
75.8%
Delaware, VirginiaMaryland
75%
Maine, MassachusettsNew Hampshire
74%
Rhode Island, MassachusettsConnecticut
70.1%
Texas, TennesseeArkansas
69.6%
Connecticut, Rhode IslandMassachusetts
69.2%
Kentucky, OklahomaMissouri
66.5%
Mississippi, VirginiaTennessee
65.7%
Minnesota, MissouriIowa
65.5%
Washington, IdahoOregon
65.1%
Wisconsin, KentuckyIllinois
64.1%
Bordering States State % Correct
North Dakota, IdahoMontana
64.1%
Vermont, New JerseyNew York
64.1%
North Dakota, WisconsinMinnesota
62.9%
North Carolina, South CarolinaGeorgia
62.5%
Delaware, OhioPennsylvania
55.6%
Kansas, South DakotaNebraska
54.9%
Iowa, MichiganWisconsin
54.4%
Virginia, IndianaKentucky
54.2%
Michigan, IndianaOhio
52.7%
Colorado, ArkansasOklahoma
48.7%
Massachusetts, New HampshireVermont
47.9%
Maryland, TennesseeVirginia
46.7%
Iowa, MontanaSouth Dakota
45.8%
South Dakota, UtahWyoming
40%
Georgia, MissouriTennessee
35.8%
Oklahoma, MississippiArkansas
34.1%
Remove Ads.
Support Sporcle.
Get the best of Sporcle when you Go Orange. This ad-free experience offers more features, more stats, and more fun while also helping to support Sporcle. Thank you for becoming a member.

You're not logged in!

Compare scores with friends on all Sporcle quizzes.
OR
Log In

Show Comments

Extras

Top Quizzes Today


Score Distribution

Your Account Isn't Verified!

In order to create a playlist on Sporcle, you need to verify the email address you used during registration. Go to your Sporcle Settings to finish the process.

Report this User

Report this user for behavior that violates our Community Guidelines.

Details: